000 00680nam a2200241Ia 4500
003 OSt
005 20220925214643.0
006 a|||||r|||| 00| 0
007 ta
008 220923b |||||||| |||| 00| 0 eng d
020 _a0 86187 213 4
037 _cGeneral Book
040 _aRTL
_cRTL
_beng
041 _2eng
_aeng
082 _aY:47.53.N8, M2
100 _aCerny Philip G Ed.
_9269651
245 0 _aSocial movements and protest in France
260 _aLondon
_bFrances Pinter
_c1982
300 _axxiv, 226p
_ccm.
650 _aSocial Movements
_934468
942 _hY:47.53.N8, M2
_cGB
_2CC
999 _c566136
_d566136